00433nam a2200157Ia 4500008004100000020001800041082001500059100001500074245008000089250000800169260002700177300001400204500002500218650001500243700001700258230524s9999 xx 000 0 und d a9788125920625 a658.5bKUM aArun Kumar 0aMarketing Management :Comprehensive Text Base Practices Corporate Insights aIST aNEW DELHIbVikasc2008 aXXIII;804 aQuantity Number: 15 aManagement a N Meenakshi